| 000 | 00865cam a22002535a 4500 | ||
|---|---|---|---|
| 001 | 18462417 | ||
| 005 | 20161128102644.0 | ||
| 008 | 150122t2016 paua fr 001 0 eng d | ||
| 020 | _a9781455770069 | ||
| 020 | _a145577006X | ||
| 040 |
_aDNLM/DLC _cDLC _dDLC _dEG-ScBUE _beng |
||
| 082 | 0 | 4 |
_a612 _222 _bHAL |
| 100 | 1 |
_aHall, John E. _q(John Edward), _d1946- _930154 |
|
| 245 | 1 | 0 |
_aPocket companion to Guyton and Hall textbook of medical physiology / _cJohn E. Hall. |
| 250 | _a13th ed. | ||
| 260 |
_aPhiladelphia : _bElsevier, _cc.2016. |
||
| 300 |
_axvi, 704 p. : _bill. ; _c21 cm. |
||
| 500 | _aComplemented by: Guyton and Hall textbook of medical physiology / John E. Hall. Thirteenth edition. [2016]. | ||
| 500 | _aIncludes index. | ||
| 650 | 7 |
_aPhysiological Phenomena. _2BUEsh _914034 |
|
| 651 | _2BUEsh | ||
| 653 |
_bPPhrm _cNovember2016 |
||
| 942 | _2ddc | ||
| 999 |
_c23369 _d23341 |
||